Defining cross-border patient mobility conceptual remarks /
Elmentve itt :
| Szerző: | |
|---|---|
| Dokumentumtípus: | Könyv része |
| Megjelent: |
Pólay Elemér Alapítvány
Szeged
2013
|
| Sorozat: | Lectiones Iuridicae
Opuscula Szegediensia 5 |
| mtmt: | 2474841 |
| Online Access: | http://publicatio.bibl.u-szeged.hu/8504 |
| LEADER | 00766naa a2200217 i 4500 | ||
|---|---|---|---|
| 001 | publ8504 | ||
| 005 | 20190523151506.0 | ||
| 008 | 170112s2013 hu o 0|| angol d | ||
| 020 | |a 978-615-5300-03-5 | ||
| 022 | |a 2062-5588 | ||
| 024 | 7 | |a 2474841 |2 mtmt | |
| 040 | |a SZTE Publicatio Repozitórium |b hun | ||
| 041 | |a angol | ||
| 100 | 1 | |a Berki Gabriella | |
| 245 | 1 | 0 | |a Defining cross-border patient mobility |h [elektronikus dokumentum] : |b conceptual remarks / |c Berki Gabriella |
| 260 | |a Pólay Elemér Alapítvány |b Szeged |c 2013 | ||
| 300 | |a 199 | ||
| 300 | |a 169-181 | ||
| 490 | 0 | |a Lectiones Iuridicae | |
| 490 | 0 | |a Opuscula Szegediensia 5 | |
| 856 | 4 | 0 | |u http://publicatio.bibl.u-szeged.hu/8504/1/Berki_2012___Defining_cross_border_patient_mobility_u.pdf |z Dokumentum-elérés |